LEADER 01976nam 2200649 a 450 001 9910785614303321 005 20230310183059.0 010 $a3-11-080753-X 024 7 $a10.1515/9783110807530 035 $a(CKB)2670000000236102 035 $a(EBL)3040637 035 $a(SSID)ssj0000560211 035 $a(PQKBManifestationID)11383702 035 $a(PQKBTitleCode)TC0000560211 035 $a(PQKBWorkID)10570643 035 $a(PQKB)11206830 035 $a(MiAaPQ)EBC3040637 035 $a(DE-B1597)42670 035 $a(OCoLC)979585900 035 $a(DE-B1597)9783110807530 035 $a(Au-PeEL)EBL3040637 035 $a(CaPaEBR)ebr10588486 035 $a(CaONFJC)MIL558600 035 $a(OCoLC)922943594 035 $a(EXLCZ)992670000000236102 100 $a20790130e19772011 uy 0 101 0 $aeng 135 $aur|n|---||||| 181 $ctxt$2rdacontent 182 $cc$2rdamedia 183 $acr$2rdacarrier 200 00$aSocial issues in regional policy and regional planning /$feditor, Antoni Kuklinski 205 $aReprint 2011 210 $aThe Hague $cMouton$d1977 215 $a1 online resource (542 pages)$cillustrations 225 0 $aNew Babylon ;$v27 300 $aDescription based upon print version of record. 311 0 $a90-279-7601-5 320 $aIncludes bibliographical references. 327 $apt. 1. Policy -- pt. 2. Integration -- pt. 3. Case studies -- pt. 4. Research. 410 0$aNew Babylon;$v27 606 $aRegional planning 606 $aSocial policy 606 $aRegionalism 615 0$aRegional planning. 615 0$aSocial policy. 615 0$aRegionalism. 676 $a301.2 686 $aMR 5800$2rvk 701 $aKuklin?ski$b Antoni$034918 801 0$bMiAaPQ 801 1$bMiAaPQ 801 2$bMiAaPQ 906 $aBOOK 912 $a9910785614303321 996 $aSocial issues in regional policy and regional planning$93815099 997 $aUNINA LEADER 01074cam0-22003251i-450 001 990004377930403321 005 20241003111920.0 010 $a90-272-3688-7 035 $a000437793 035 $aFED01000437793 035 $a(Aleph)000437793FED01 100 $a19990604d1999----km-y0itay50------ba 101 0 $aeng 102 $aNL 105 $ay-------001yy 200 1 $aCrossing boundaries$eadvances in the theory of central and eastern european languages$fedited by Istvan Kenesei$gwith the asssistance of Tibor Szécsényi 210 $aAmsterdam$cBenjamins$d1999 215 $a301 p.$d23 cm 225 1 $aAmsterdam studies in the theory and history of linguistic science$hSeries 4.$iCurrent issues in linguistic theory$v182 610 0 $aLingue slave 676 $a410.94$v21$zit 702 1$aKenesei,$bIstván 702 1$aSzécsényi,$bTibor 801 0$aIT$bUNINA$gRICA$2UNIMARC 901 $aBK 912 $a990004377930403321 952 $a491.8 KENE 01$bBibl.44613$fFLFBC 959 $aFLFBC 996 $aCrossing boundaries$9542095 997 $aUNINA